| 000 | 00510nam a22001697a 4500 | ||
|---|---|---|---|
| 003 | OSt | ||
| 005 | 20260316153835.0 | ||
| 008 | 260316b |||||||| |||| 00| 0 eng d | ||
| 040 | _cMRSPTU | ||
| 041 | _aEnglish | ||
| 100 | _aBalkar Singh, Supervisor: Dr. Anupam Kumar | ||
| 245 | _aKnitting Design Development and Knitting Accessories | ||
| 260 |
_bDepartment of Textile, MRSPTU, Bathinda _c2023 |
||
| 650 | _aTextile | ||
| 856 | _uhttp://163.47.215.52:8080/jspui/handle/123456789/529 | ||
| 942 |
_2ddc _cTH _n0 |
||
| 999 |
_c11161 _d11161 |
||